00331nam a2200121Ia 450000500170000002000180001708200150003510000320005024500420008226000260012430000120015065000470016220251122145330.0 a9789552317248 a574.5bKUR aKuruppuarachchi, K. A.J.M.  aStructure and function of ecosystems/ aNawala:bOUSL,c2019. av,144p. aEcology, Eco-climatic diversity- Sri Lanka